| 000 | 00368nam a22001577a 4500 | ||
|---|---|---|---|
| 003 | CEME | ||
| 005 | 20210628202231.0 | ||
| 008 | 210301b xxu||||| |||| 00| 0 eng d | ||
| 040 | _c. | ||
| 082 | _a891.427 BAN | ||
| 100 |
_aBano Qudsai _958914 |
||
| 245 | _aAsey pasey | ||
| 260 |
_aLAHORE _bSANG E MEEL PUBLISHER _c2002 |
||
| 650 |
_aURDU _958915 |
||
| 942 |
_cBK _2ddc |
||
| 999 |
_c568990 _d568990 |
||